02122nam a22002537a 4500003000400000005001700004008004100021040000800062082002700070100002700097245037600124260002600500300002600526942001300552999001500565952016100580952016100741952016100902952016101063952016101224952016101385952016101546952016101707OSt20160104160159.0160104b xxu||||| |||| 00| 0 eng d cRUA aLMA CHH 2013 B317 Or.1 95987aCHHEANG, MARADY. aStudy on establishing ground control point network in srektum commune kaevsema district mondolkiri, សិក្សាអំពីការវាស់វែងបង្កើតបណ្ដាញបង្គោលប្រថពីវិភាគនៅឃុំស្រែខ្ទុម ស្រុកកែវសីមា​ខេត្តមណ្ឌលគិរី aPhnom PenhbRUAc2013 axi; 41p.bill.c29cm. 2ddccLMA c5584d5584 00102ddc406LMA_CHH_2013_000000000000000_B317_OR_170930230aLBBbLBBc B317d2016-01-04oLMA CHH 2013 B317 Or.1pRUA025524r2016-01-04w2016-01-04yLMA 00102ddc406LMA_CHH_2013_000000000000000_B317_OR_270930231aLBBbLBBc B317d2016-01-04oLMA CHH 2013 B317 Or.2pRUA010355r2016-01-04w2016-01-04yLMA 00102ddc406LMA_CHH_2013_000000000000000_B317_OR_370930232aLBBbLBBc B317d2016-01-04oLMA CHH 2013 B317 Or.3pRUA025739r2016-01-04w2016-01-04yLMA 00102ddc406LMA_CHH_2013_000000000000000_B317_OR_470930233aLBBbLBBc B317d2016-01-04oLMA CHH 2013 B317 Or.4pRUA010286r2016-01-04w2016-01-04yLMA 00102ddc406LMA_CHH_2013_000000000000000_B317_OR_570930234aLBBbLBBc B317d2016-01-04oLMA CHH 2013 B317 Or.5pRUA010501r2016-01-04w2016-01-04yLMA 00102ddc406LMA_CHH_2013_000000000000000_B317_OR_670930235aLBBbLBBc B317d2016-01-04oLMA CHH 2013 B317 Or.6pRUA010554r2016-01-04w2016-01-04yLMA 00102ddc406LMA_CHH_2013_000000000000000_B317_OR_770930236aLBBbLBBc B317d2016-01-04oLMA CHH 2013 B317 Or.7pRUA010427r2016-01-04w2016-01-04yLMA 00102ddc406LMA_CHH_2013_000000000000000_B317_OR_870930237aLBBbLBBc B317d2016-01-04oLMA CHH 2013 B317 Or.8pRUA025928r2016-01-04w2016-01-04yLMA